Mercadotecnia: conceptos y prácticas modernas (Registro nro. 5513)
[ vista simple ]
| 000 -CABECERA | |
|---|---|
| campo de control de longitud fija | 00725ata a2200265 4500 |
| 005 - FECHA Y HORA DE ACTUALIZACIÓN | |
| campo de control | 20160830110436.0 |
| 008 - LONGITUD FIJA | |
| campo de control de longitud fija | 150514b xxu||||| |||| 00| 0 spa d |
| 041 ## - IDIOMA | |
| Código de idioma del texto/pista de sonido o título separado | |
| 082 ## - CLASIFICACIÓN DECIMAL DEWEY | |
| Número de clasificación | 658.8 S559m |
| 100 ## - AUTOR PERSONAL | |
| Nombre de persona | Schoell, William |
| 245 ## - TÍTULO PROPIAMENTE DICHO | |
| Título | Mercadotecnia: conceptos y prácticas modernas |
| 250 ## - EDICIÓN | |
| Mención de edición | 3 edición |
| 260 ## - PIE DE IMPRENTA | |
| Lugar de publicación, distribución, etc. | México |
| Nombre del editor, distribuidor, etc. | Prentice-Hall |
| Fecha de publicación, distribución, etc. | 1991 |
| 300 ## - DESCRIPCIÓN FÍSICA | |
| Extensión | 822 páginas |
| 650 ## - Materia General | |
| Materia general | MERCADOTECNIA |
| 650 ## - Materia General | |
| Materia general | PROMOCIÓN |
| 650 ## - Materia General | |
| Materia general | PRODUCTO |
| 650 ## - Materia General | |
| Materia general | PRECIO |
| 650 ## - Materia General | |
| Materia general | INVESTIGACIÓN DE MERCADOS |
| 650 ## - Materia General | |
| Materia general | SEGMENTACION DEL MERCADO |
| 650 ## - Materia General | |
| Materia general | MERCADO META |
| 650 ## - Materia General | |
| Materia general | PUBLICIDAD |
| 650 ## - Materia General | |
| Materia general | PROMOCIÓN |
| 942 ## - Punto de Acceso Adicional Koha | |
| Tipo de ítem Koha | Libro |
| Estado perdido | Estado dañado | No para préstamo | Biblioteca permanente | Biblioteca actual | Signatura completa | Código de barras | Tipo de ítem |
|---|---|---|---|---|---|---|---|
| Departamento de Biblioteca y Documentación Alfonso Chase Brenes | Departamento de Biblioteca y Documentación Alfonso Chase Brenes | 658.8 S559m | 9397 | Libro |